| 000 | nam a22 7a 4500 | ||
|---|---|---|---|
| 999 |
_c128998 _d128998 |
||
| 008 | 190214b xxu||||| |||| 00| 0 eng d | ||
| 050 | _aBV5068.R4 S56 | ||
| 100 |
_aSilf, Margaret _98810 |
||
| 245 |
_aLife _ba voyage with God _cMargaret Silf |
||
| 260 |
_aLondon _bSt. Paul _c2003 |
||
| 300 |
_a192p. ; _c22cm. |
||
| 650 |
_aSpiritual retreats _xChristianity _944637 |
||
| 650 |
_aSpiritual life _xChristianity _944638 |
||
| 942 |
_2lcc _cMONOGRAPH |
||